000 00530nam a2200193 a 4500
001 1769080478560
003 YourLibrary
005 20260123163857.0
008 260122s2002##################000#0#eng##
020 _a9781402007262
082 0 4 _a303.6
_bNIK
100 1 _aNikolic-Ristanovic, Vesna,
_eauthor.
245 1 0 _aSocial Change, Gender and Violence :
260 _bSpringer Science & Business Media,
_c2002.
300 _a228 pages
650 0 _aHistory.
942 _cENGLISH
040 _aYourLibrary
_beng
_cYourLibrary
999 _c609080
_d609080